[Event "Berlin-ch qualification"]
[Site "Berlin-Lichtenrade"]
[Date "2011.04.24"]
[Round "2.2"]
[White "Boettcher, Patrick"]
[Black "Radtke, Rainer"]
[Result "1-0"]
[WhiteElo "2161"]
[BlackElo "1862"]
[PlyCount "79"]
[EventDate "2011.04.23"]
[EventType "swiss"]
[EventRounds "9"]
[EventCountry "GER"]
[SourceTitle "EXT 2022"]
[Source "ChessBase"]
[SourceDate "2021.10.06"]
[SourceVersion "1"]
[SourceVersionDate "2021.10.06"]
[SourceQuality "1"]

1. e4 e6 2. d4 b6 3. Nf3 Bb7 4. Bd3 d6 5. 0-0 Nf6 6. Qe2 Be7 7. c4 c5 8. Nc3 Nc6 9. d5 Nd4 10. Qd1 e5 11. Nxd4 cxd4 12. Ne2 Qd7 13. Rb1 0-0 14. h3 Rac8 15. Ng3 g6 16. Bh6 Rfd8 17. f4 Kh8 18. Qd2 Ng8 19. fxe5 Bh4 20. Bf4 g5 21. Bxg5 Bxg3 22. Bxd8 Rxd8 23. exd6 Be5 24. Qg5 f6 25. Qh4 Qg7 26. Rf5 Rxd6 27. b4 Bc8 28. Rf3 Ne7 29. c5 Rd8 30. d6 Rg8 31. Qf2 Ng6 32. Bc4 Nf4 33. Bxg8 Nxh3+ 34. Rxh3 Bxh3 35. Bc4 Bf4 36. Rb3 Bd7 37. Qxf4 Qf8 38. Rg3 a5 39. Qxf6+ Qxf6 40. Rg8# 1-0